| LEADER |
00911nzm0a2200217 450 |
| 001 |
16824976 |
| 010 |
|
|
|a 978-2-919080-37-3
|b sous portfolio,
|d 35
|
| 100 |
|
|
|a 20150813d2014 u u0frey01 ba
|
| 101 |
0 |
|
|a fre
|
| 102 |
|
|
|a FR
|
| 200 |
0 |
|
|a Petit rond bleu dans sa maison [et] Petit rond bleu photographe
|e [kamishibaï]
|f textes et illustrations d'Isabelle Courtois
|
| 207 |
|
1 |
|a
|
| 210 |
|
|
|a Montséret
|c Kamishibaïs Editions
|d 2014
|
| 215 |
|
|
|a 1 portfolio de [32] p. sur [16] pl.
|c coul.
|d 28 x 38 cm
|
| 300 |
|
|
|a Double foliotation. Planches foliotées de 1 à 8,Double foliotation. Planches foliotées de 1 à 8
|
| 461 |
|
0 |
|t [Recueil. Kamishibais. Editeurs divers]
|
| 700 |
|
0 |
|a Courtois
|b Isabelle
|f 1983-....
|4 440
|
| 712 |
0 |
2 |
|a Kamishibaïs éditions
|4 650
|
| 900 |
|
|
|a Album
|
| 901 |
|
|
|a Réserve
|
| 995 |
|
|
|a Bibliothèque
|c Bibliothèque
|f 024017048
|h 024017048
|k A COU
|o p
|q j
|r z
|u Kamishibaï
|e Bibliothèque
|